Welcome to CU Library Online Public Access Catalogue (OPAC)

Investments / (Record no. 3448)

MARC details
000 -LEADER
fixed length control field 00914cam a2200253 a 4500
001 - CONTROL NUMBER
control field 4037196
005 - DATE AND TIME OF LATEST TRANSACTION
control field 20250205143421.0
008 - FIXED-LENGTH DATA ELEMENTS--GENERAL INFORMATION
fixed length control field 990401s1999 txua b 001 0 eng
020 ## - INTERNATIONAL STANDARD BOOK NUMBER
International Standard Book Number 0030223431
050 00 - LIBRARY OF CONGRESS CALL NUMBER
Classification number HG4521
Item number .R397 1999
082 00 - DEWEY DECIMAL CLASSIFICATION NUMBER
Classification number 332.6
Edition information 21
100 1# - MAIN ENTRY--PERSONAL NAME
Personal name Reilly, Frank K.
245 10 - TITLE STATEMENT
Title Investments /
Statement of responsibility, etc. Frank K. Reilly, Edgar A. Norton.
250 ## - EDITION STATEMENT
Edition statement 5th ed.
260 ## - PUBLICATION, DISTRIBUTION, ETC.
Place of publication, distribution, etc. Fort Worth :
Name of publisher, distributor, etc. Dryden Press,
Date of publication, distribution, etc. c1999.
300 ## - PHYSICAL DESCRIPTION
Extent xxvi, 837 p. :
Other physical details ill. ;
Dimensions 27 cm.
650 #0 - SUBJECT ADDED ENTRY--TOPICAL TERM
Topical term or geographic name entry element Investments.
650 #0 - SUBJECT ADDED ENTRY--TOPICAL TERM
Topical term or geographic name entry element Investment analysis.
700 1# - ADDED ENTRY--PERSONAL NAME
Personal name Norton, Edgar,
Dates associated with a name 1957-
856 42 - ELECTRONIC LOCATION AND ACCESS
Materials specified Contributor biographical information
Uniform Resource Identifier <a href="http://www.loc.gov/catdir/enhancements/fy1514/98085990-b.html">http://www.loc.gov/catdir/enhancements/fy1514/98085990-b.html</a>
856 42 - ELECTRONIC LOCATION AND ACCESS
Materials specified Publisher description
Uniform Resource Identifier <a href="http://www.loc.gov/catdir/enhancements/fy1514/98085990-d.html">http://www.loc.gov/catdir/enhancements/fy1514/98085990-d.html</a>
856 41 - ELECTRONIC LOCATION AND ACCESS
Materials specified Table of contents only
Uniform Resource Identifier <a href="http://www.loc.gov/catdir/enhancements/fy1514/98085990-t.html">http://www.loc.gov/catdir/enhancements/fy1514/98085990-t.html</a>
942 ## - ADDED ENTRY ELEMENTS (KOHA)
Source of classification or shelving scheme Library of Congress Classification
Koha item type Books
Suppress in OPAC No
999 ## -
-- 3448
-- 3448
Holdings
Withdrawn status Lost status Source of classification or shelving scheme Damaged status Not for loan Collection Home library Current library Shelving location Date acquired Total checkouts Full call number Barcode Date last seen Copy number Price effective from Koha item type
    Library of Congress Classification     Non-fiction Undergraduate Library (Christ Temple) Undergraduate Library (Christ Temple) General stacks 02/05/2025   HG4521 REI ulct00001059 02/05/2025 1 02/05/2025 Books
© 2023-2024 Copyright: Central University Libraries. All Rights Reserved | Created by: Mahone Tech Office